00975 a2200241 4500999001900000005001700019010001500036020003200051035001400083037001300097082001800110100001800128245016800146250000900314260004500323270006800368300007300436700002000509700002100529700002000550942003400570952012900604 c183341d18334120211223122233.0 aENG-130540 a978-0-19-012478-6c1,695.00 aEN-114072 bDBAD/PUB a342.540853b1 aJha, Himanshu aCapturing Institutional Change:bThe Case of the Right To Information Act in India/cHimanshu Jha, Series edited by Rahul Mukherji, Subrata K.Mitra, Raghbendra Jha a2020 aNew DelhibOxford University Pressc2020 a22 Workspace, 2nd Floor, 1/22 Asaf Ali Road bNew Delhie110002 a319p.c22cm (pbk)bIndex, About the Author, Bibliography, Appendices aMukherji, Rahul aK,Mitra, Subrata aJha, Raghbendra adplcEN2ddch342.540853mJHA 001040708NFICaBL1bBL1d2021-12-23eDBAD/PUBg1695.00l0o342.540853 JHApEN-114072r2021-12-23 00:00:00t1v1695.00yEN